000 00477nmm a2200169Ia 4500
008 251105s9999||||xx |||||||||||||||||und||
020 _a9788416938858
041 _aspa
100 _aTiberghien, Gilles A.
245 0 _aNotas sobre la cabaña
264 _a[Madrid, España] :
_bBiblioteca Nueva,
_c2017
300 _a200 páginas
490 _aPaisaje y teoría
650 _aPhilosophy, Ethics
856 _uhttps://public.digitaliapublishing.com/a/51141
942 _cCF
999 _c78189
_d78189